Logo quiz #2 - Statistiques

Statistiques générales
  • Ce quiz a été pris 1 356 fois
  • Le résultat moyen est 13 sur 16
Statistiques - réponses
Par images Réponse % Correct
Apple
100%
Youtube
100%
Firefox
96%
Microsoft
95%
Xbox
95%
Android
93%
Toyota
92%
Renault
90%
Gucci
88%
Chevrolet
86%
Suzuki
86%
Excel
85%
Itunes
67%
Mitsubishi
67%
Bugatti
36%
Reebok
23%
Aucun quiz correspondant
Distribution des résultats
% des personnes avec chaque résultat
Percentile par nombre de réponses
Votre historique - résultats
Vous n’avez pas pris ce quiz